Comentarios a las cartas a los Corintios

Enregistré dans:
Détails bibliographiques
Auteur principal: Ambrosiaster (Auteur)
Format: Livre
Langue:espagnol
Publié: Madrid Editorial Ciudad Nueva 2017
Édition:1a. ed
Collection:Biblioteca de Patrística, 104
Sujets:
Tags: Ajouter un tag
Pas de tags, Soyez le premier à ajouter un tag!

MARC

LEADER 00000cam a2200000 a 4500
001 UCD9435
003 CL-VaPUC
008 170616e20170000sp |||||||||||||||||spa|d
020 |a 9788497153645 
082 0 4 |a 226.2  |b AMB  |2 21 
100 0 |a Ambrosiaster  |e author  |9 593135 
245 1 0 |a Comentarios a las cartas a los Corintios 
250 |a 1a. ed 
300 |a 406 p 
942 |c BK 
945 |d 20170616 21:05:00  |a arojas 
260 |a Madrid  |b Editorial Ciudad Nueva  |c 2017 
650 0 |a Epístolas  |9 321181 
650 0 |a Corintios  |9 485884 
583 |a last modification  |c 20170616 21:05:00  |k Rodrigo Vera 
490 0 |a Biblioteca de Patrística, 104 
999 |c 368626  |d 368624 
952 |0 0  |1 0  |3 erb  |4 0  |6 226_200000000000000_AMB_2017  |7 0  |8 A  |9 483994  |a BIBTEO  |b BIBTEO  |i 5399041  |l 1  |o 226.2 AMB 2017  |p 5399041  |r 2025-01-17  |s 2024-06-27  |w 2019-11-24  |y BK  |z Catalogado en:20170616  |k ICR